La Defensa Penal del Patrimonio Arqueolg̤ico

Bibliographic Details
Main Author: Garca̕ Caldern̤, Jess︢ M®
Format: eBook
Language:Spanish
Published: Madrid: Dykinson, 2016
Subjects:
Online Access:Acceso restringido

MARC

LEADER 00000nam a22000007a 4500
005 20170305231223.0
007 cr|||| ||||
008 170305s2016 es |||||s|||| 00||0 spa d
020 |a 978-84-9085-979-7 
035 |a 14774 
040 |a vLex 
090 |c 6573  |d 6573 
100 1 |a Garca̕ Caldern̤, Jess︢ M® 
245 1 2 |a La Defensa Penal del Patrimonio Arqueolg̤ico  |h [Recurso electrn̤ico] /  |c Jess︢ M® Garca̕ Caldern̤ 
256 |a Servicio en ln̕ea 
260 |a Madrid:  |b Dykinson,  |c 2016 
300 |a 1 recurso electrn̤ico 
506 1 |a Disponible solo en los productos indicados  |d vLex Global  |d vLex Global (Academic Edition, excluding Law Schools)  |d vLex Global (U.S. Academic Edition, Law Schools)  |d vLex Global (U.S. Academic Edition, excluding Law Schools)  |d vLex Global (Academic Edition, Law Schools) 
650 0 4 |a Derecho Penal  |z Espaą 
740 0 |a vLex Libros (Servicio en ln̕ea) 
856 4 0 |u http://vlex.com/source/defensa-penal-patrimonio-arqueologico-14774  |z Acceso restringido 
942 |c BOOK 
999 0 |a Criminal Law